<?xml version="1.0" encoding="UTF-8"?><?xml-stylesheet type="text/xsl" href="static/style.xsl"?><OAI-PMH xmlns="http://www.openarchives.org/OAI/2.0/" xmlns:xsi="http://www.w3.org/2001/XMLSchema-instance" xsi:schemaLocation="http://www.openarchives.org/OAI/2.0/ http://www.openarchives.org/OAI/2.0/OAI-PMH.xsd"><responseDate>2026-04-17T00:40:21Z</responseDate><request verb="GetRecord" identifier="oai:www.recercat.cat:2072/412902" metadataPrefix="marc">https://recercat.cat/oai/request</request><GetRecord><record><header><identifier>oai:recercat.cat:2072/412902</identifier><datestamp>2024-10-31T00:29:01Z</datestamp><setSpec>com_2072_98</setSpec><setSpec>col_2072_378192</setSpec></header><metadata><record xmlns="http://www.loc.gov/MARC21/slim" xmlns:dcterms="http://purl.org/dc/terms/" xmlns:xsi="http://www.w3.org/2001/XMLSchema-instance" xmlns:doc="http://www.lyncode.com/xoai" xsi:schemaLocation="http://www.loc.gov/MARC21/slim http://www.loc.gov/standards/marcxml/schema/MARC21slim.xsd">
   <leader>00925njm 22002777a 4500</leader>
   <datafield ind2=" " ind1=" " tag="042">
      <subfield code="a">dc</subfield>
   </datafield>
   <datafield ind2=" " ind1=" " tag="720">
      <subfield code="a">Ponce-Cordero, Rafael</subfield>
      <subfield code="e">author</subfield>
   </datafield>
   <datafield ind2=" " ind1=" " tag="260">
      <subfield code="c">2016</subfield>
   </datafield>
   <datafield ind2=" " ind1=" " tag="520">
      <subfield code="a">Talento de barrio, el filme puertorriqueño más taquillero de la historia, tiene como protagonista a Édgar, un maleante interpretado por la superestrella del reguetón Daddy Yankee. Mediante el contraste entre Édgar y otros personajes claramente antisociales, la película parece apuntar a la posibilidad del bandido social como una figura al margen de la legalidad, pero de signo positivo. Este ensayo recurre a autores como Hobsbawm, Benjamin, Agamben y otros para explorar el resurgimiento de un cierto tipo de bandidaje social, vinculado al narcotráfico y a la violencia extrema que conlleva, en la imaginación cinematográfica latinoamericana de hoy.</subfield>
   </datafield>
   <datafield ind2=" " ind1=" " tag="520">
      <subfield code="a">Talento de Barrio, the highest-grossing domestic movie in Puerto Rican history, narrates the story of Edgar, a hoodlum played by reggaeton superstar Daddy Yankee. Through the opposition between Edgar and other clearly antisocial characters, the film seems to aim at the possibility of the social bandit as a figure on the margins of legality but of positive sign. This paper draws on works by Hobsbawm, Benjamin, Agamben, and others in order to explore the reemergence of a certain notion of social banditry, connected to drug trafficking and its inherent extreme violence, in the current cinematic imagination of Latin America.</subfield>
   </datafield>
   <datafield tag="653" ind2=" " ind1=" ">
      <subfield code="a">Daddy yankee</subfield>
   </datafield>
   <datafield tag="653" ind2=" " ind1=" ">
      <subfield code="a">Reguetón</subfield>
   </datafield>
   <datafield tag="653" ind2=" " ind1=" ">
      <subfield code="a">Narcocultura</subfield>
   </datafield>
   <datafield tag="653" ind2=" " ind1=" ">
      <subfield code="a">Bandidaje social</subfield>
   </datafield>
   <datafield tag="653" ind2=" " ind1=" ">
      <subfield code="a">Puerto Rico</subfield>
   </datafield>
   <datafield tag="653" ind2=" " ind1=" ">
      <subfield code="a">Reggaeton</subfield>
   </datafield>
   <datafield tag="653" ind2=" " ind1=" ">
      <subfield code="a">Narcoculture</subfield>
   </datafield>
   <datafield tag="653" ind2=" " ind1=" ">
      <subfield code="a">Social banditry</subfield>
   </datafield>
   <datafield ind2="0" ind1="0" tag="245">
      <subfield code="a">Reguetón, narcocultura y bandidaje social en el filme puertorriqueño "Talento de barrio"</subfield>
   </datafield>
</record></metadata></record></GetRecord></OAI-PMH>